On This Day: September 7th Quiz Stats

 Plays Quiz Updated Sep 7, 2017

Challenge
Share
Tweet
Embed
Score 0/7 Timer 03:00
0 Plays Today
Question Answer Wrong Answers
Brazil declares independence from this country, sparking a war that ends with the signing of a treaty officially recognizing the country.
1822
Portugal
90.8%
Great Britain
3.4%
France
4.7%
United States
1.1%
This influential American singer-songwriter, who was killed in a plane crash that later became known as ‘The Day the Music Died’, is born.
1936
Buddy Holly
90.5%
Chuck Berry
3.1%
Eddie Cochran
1.7%
Bill Haley
2.8%
This man becomes the first black man to lead the Anglican Church in South Africa.
1986
Desmond Tutu
88.1%
Albert Lutuli
1.9%
Thabo Mbeki
3.3%
Jacob Zuma
4.2%
Canada officially cuts diplomatic ties with this nation, closing its embassy in Tehran and ordering the expulsion of diplomats from Ottawa.
2012
Iran
84%
Iraq
5.8%
Afghanistan
2.9%
Syria
4.5%
The first of these beauty pageants is held in Atlantic City, New Jersey.
1921
Miss America
80.8%
Miss World
7.6%
Miss Universe
9.8%
Miss International
0.5%
The Pro Football Hall of Fame opens in ______, Ohio with 17 charter members.
1963
Canton
60.4%
Cleveland
19.5%
Columbus
9.4%
Cincinnati
8.7%
This automobile manufacturer asks the United States government for $1.5 billion to avoid bankruptcy.
1979
Chrysler
45.3%
Ford
14.4%
General Motors
37.3%
Toyota
0.7%

You're not logged in!

Compare scores with friends on all Sporcle quizzes.
OR
Log In

You Might Also Like...

Show Comments

Extras

Top Quizzes Today


Score Distribution

Your Account Isn't Verified!

In order to create a playlist on Sporcle, you need to verify the email address you used during registration. Go to your Sporcle Settings to finish the process.

Report this User

Report this user for behavior that violates our Community Guidelines.

Details: